| 000 | 00487nam a22001691 4500 | ||
|---|---|---|---|
| 082 |
_a355.02 _bFUL |
||
| 100 | 1 |
_aFuller, J. F. C. _937121 |
|
| 245 | 1 | 4 |
_aThe reformation of war, _cby Col. J.F.C. Fuller ... |
| 250 | _a2d. ed. | ||
| 260 |
_aLondon, _bHutchinson & Co., _c1923. |
||
| 300 |
_axv, [1] 287, [1] p. _bdiagrs. _c24 cm. |
||
| 526 |
_a0 _b0 _c0 _d355_020000000000000_FUL |
||
| 650 | 0 |
_aMCE _9379 |
|
| 650 | 0 |
_aMilitary art and science. _937914 |
|
| 650 | 0 | _aWar. | |
| 942 |
_2ddc _cBK |
||
| 999 |
_c552365 _d552365 |
||